[Event "VII Arcymistrzowski Turniej Kolowy Kobiet im. Krystyny Holuj-Radzikowskiej"]
[Site "Wroclaw"]
[Date "1899-12-30"]
[Round "1.1"]
[White "Zawadzka, Jolanta"]
[Black "Mkrtchian, Lilit"]
[Result "1/2-1/2"]
[WhiteTitle "WGM"]
[BlackTitle "IM"]
[WhiteElo "2428"]
[BlackElo "2390"]

1. e4 c6 2. d4 d5 3. Nd2 dxe4 4. Nxe4 Nf6 5. Nxf6+ exf6 6. c3 Bd6 7. Bd3 O-O 8.
Qc2 Re8+ 9. Ne2 Kh8 10. Be3 Nd7 11. O-O Nf8 12. Rfe1 Qc7 13. h3 Be6 14. c4 Ng6
15. Rad1 Nh4 16. Nc3 Qd7 17. Bf1 Bc7 18. f4 Nf5 19. Bf2 Qd6 20. g3 Ba5 21. a3
Bxc3 22. Qxc3 Ne7 23. Bg2 Rac8 24. a4 b6 25. b3 a6 26. Qd3 Bf5 27. Qd2 h5 28.
Re3 Ng8 29. Rde1 Rxe3 30. Qxe3 g6 31. Kh2 Kg7 32. Qf3 Nh6 33. c5 bxc5 34. dxc5
Qd2 35. Rd1 Qc2 36. Rd6 Be6 37. b4 Nf5 38. Rxe6 fxe6 39. b5 Qxa4 40. Qd3 Ne7 41.
Qd7 Kf7 42. Bxc6 Rxc6 43. bxc6 Qxc6 44. Qa7 Qb5 45. c6 Qxc6 46. Bc5 Qe8 47. Qc7
e5 48. h4 Ke6 49. Qd6+ Kf7 50. Qc7 Ke6 51. Qd6+ Kf7 1/2-1/2

[Event "VII Arcymistrzowski Turniej Kolowy Kobiet im. Krystyny Holuj-Radzikowskiej"]
[Site "Wroclaw"]
[Date "1899-12-30"]
[Round "1.3"]
[White "Socko, Monika"]
[Black "Bulmaga, Irina"]
[Result "0-1"]
[WhiteTitle "GM"]
[BlackTitle "IM"]
[WhiteElo "2476"]
[BlackElo "2420"]

1. d4 Nf6 2. c4 e6 3. Nc3 Bb4 4. e3 O-O 5. Nge2 d5 6. a3 Bd6 7. Ng3 Re8 8. c5 Bf8
9. f4 b6 10. b4 a5 11. Rb1 c6 12. Bd3 Ba6 13. O-O Bxd3 14. Qxd3 axb4 15. axb4
bxc5 16. bxc5 Nbd7 17. Bd2 Ra3 18. Qe2 g6 19. Rb7 Bg7 20. Rfb1 h5 21. h3 h4 22.
Nf1 Nh5 23. R7b3 Rxb3 24. Rxb3 Qa8 25. Qf2 Bf6 26. Bc1 Rb8 27. Ra3 Qb7 28. Qa2
Nxf4 29. exf4 Bxd4+ 30. Be3 Bxe3+ 31. Nxe3 Qb4 32. Ne2 Qb1+ 33. Qxb1 Rxb1+ 34.
Nf1 Nxc5 35. Rc3 Ne4 36. Rxc6 Re1 37. Rc2 Kg7 38. Nd4 Ng3 39. Rf2 Rd1 40. Nf3
d4 41. N3d2 g5 42. fxg5 e5 43. Kh2 e4 44. Nxg3 hxg3+ 45. Kxg3 e3 46. Re2 Rxd2
47. Kf3 Rxe2 48. Kxe2 Kg6 49. Kf3 Kxg5 50. g3 f5 51. Ke2 f4 0-1

[Event "VII Arcymistrzowski Turniej Kolowy Kobiet im. Krystyny Holuj-Radzikowskiej"]
[Site "Wroclaw"]
[Date "1899-12-30"]
[Round "1.4"]
[White "Javakhishvili, Lela"]
[Black "Shvayger, Yuliya"]
[Result "1-0"]
[WhiteTitle "IM"]
[BlackTitle "IM"]
[WhiteElo "2438"]
[BlackElo "2440"]

1. c4 e5 2. g3 Nf6 3. Bg2 c6 4. Nf3 e4 5. Nd4 d5 6. d3 Bb4+ 7. Nc3 O-O 8. O-O dxc4
9. dxe4 Re8 10. Nc2 Qxd1 11. Rxd1 Bxc3 12. bxc3 Nbd7 13. f3 Nc5 14. Rd4 b5 15.
Bd2 Bb7 16. Rd1 Na4 17. Be1 a5 18. Rd6 Kf8 19. Nd4 Rec8 20. Bh3 Ne8 21. Bxc8 Rxc8
22. Rd7 Nc5 23. Nf5 Nxd7 24. Rxd7 Rc7 25. Rd8 Rc8 26. Rd7 Rc7 27. Rd8 Rc8 28.
Rd1 g6 29. Nd4 Ba6 30. a3 Ke7 31. g4 f6 32. h4 Ng7 33. g5 fxg5 34. hxg5 c5 35.
Nc2 Ne6 36. Ne3 Rd8 37. Nd5+ Kf7 38. Rb1 h6 39. gxh6 Rh8 40. Bd2 g5 41. e3 Rxh6
42. f4 Rh4 43. Kg2 b4 44. axb4 cxb4 45. cxb4 c3 46. Nxc3 Bd3 47. Rb2 axb4 48.
Rxb4 gxf4 49. exf4 Nxf4+ 50. Kg3 Ng6 51. Rb7+ Ke8 52. Nd5 Bxe4 53. Nf6+ Kd8 54.
Ba5+ Kc8 55. Rc7+ Kb8 56. Nd7+ Ka8 57. Nb6+ Kb8 58. Nd7+ Ka8 59. Bb6 Bb7 60. Nc5
Be4 61. Rc8# 1-0

[Event "VII Arcymistrzowski Turniej Kolowy Kobiet im. Krystyny Holuj-Radzikowskiej"]
[Site "Wroclaw"]
[Date "1899-12-30"]
[Round "1.5"]
[White "Atalik, Ekaterina"]
[Black "Majdan, Joanna"]
[Result "1/2-1/2"]
[WhiteTitle "IM"]
[BlackTitle "WGM"]
[WhiteElo "2463"]
[BlackElo "2349"]

1. d4 d5 2. c4 e6 3. Nc3 c6 4. e3 f5 5. Bd3 Nf6 6. Nge2 Bd6 7. f3 O-O 8. Qc2 b6
9. Bd2 Na6 10. a3 Nc7 11. cxd5 exd5 12. O-O-O c5 13. Bxf5 Bxf5 14. Qxf5 Ne4 15.
fxe4 Rxf5 16. exf5 c4 17. e4 dxe4 18. Nxe4 Nd5 19. Rhf1 Qe7 20. N2c3 Nxc3 21.
Nxc3 Qh4 22. f6 Rf8 23. g3 Qg4 24. Nb5 Bb8 25. fxg7 Rxf1 26. Rxf1 Kxg7 27. d5
a6 28. Nd4 Be5 29. Ne6+ Kg6 30. Nf8+ Kh5 31. Ne6 Qe4 32. Nf4+ Bxf4 33. gxf4 Qxd5
34. f5 Kg4 35. f6 Qf7 36. Bc3 Kh3 37. Rf2 h5 38. Kb1 b5 39. Ka2 a5 40. Bxa5 c3+
41. b3 c2 42. Rxc2 Qxf6 43. Bc3 Qc6 44. Kb2 Kg4 45. Rd2 Kf3 46. Bd4 h4 47. Bc3
Ke3 48. Rc2 Qe4 49. Bb4 Qd4+ 1/2-1/2

[Event "VII Arcymistrzowski Turniej Kolowy Kobiet im. Krystyny Holuj-Radzikowskiej"]
[Site "Wroclaw"]
[Date "1899-12-30"]
[Round "2.2"]
[White "Shvayger, Yuliya"]
[Black "Atalik, Ekaterina"]
[Result "1-0"]
[WhiteTitle "IM"]
[BlackTitle "IM"]
[WhiteElo "2440"]
[BlackElo "2463"]

1. e4 c6 2. d4 d5 3. exd5 cxd5 4. c4 Nf6 5. Nc3 Nc6 6. Bg5 Be6 7. Be2 Qa5 8. c5
Ne4 9. Nf3 Bg4 10. Bd2 Nxd2 11. Nxd2 Bxe2 12. Nxe2 Qd8 13. O-O g6 14. Nf3 Bg7
15. b4 a6 16. Rb1 O-O 17. Qd3 Qd7 18. Rfd1 Rfd8 19. Nc3 h6 20. h3 g5 21. a4 e6
22. b5 axb5 23. axb5 Ne7 24. Ra1 Ng6 25. Ra4 Rxa4 26. Nxa4 Qc7 27. b6 Qc6 28.
Nc3 e5 29. Qb5 Qe6 30. dxe5 Nxe5 31. Nd4 Qg6 32. Nde2 Qc2 33. Rc1 Qf5 34. Nd4
Qd3 35. Nce2 Rc8 36. Qa4 Kh7 37. Qa7 Nc4 38. Qxb7 Rxc5 39. Qxf7 Nd6 40. Qxg7+
Kxg7 41. Rxc5 Qb1+ 42. Kh2 Qxb6 43. Rxd5 Ne4 44. f4 gxf4 45. Nxf4 Qb8 46. Nde6+
Kf6 47. Rh5 Qh8 48. Nd4 Nd6 49. Nf3 Nf7 50. Rb5 Qc8 51. Nd4 Qd7 52. Rb6+ Ke5 53.
Nde2 Qc8 54. Ng6+ Ke4 55. Nef4 Kd4 56. Rf6 Qc7 57. h4 Ke4 58. Re6+ Kf5 59. Kh3
1-0

[Event "VII Arcymistrzowski Turniej Kolowy Kobiet im. Krystyny Holuj-Radzikowskiej"]
[Site "Wroclaw"]
[Date "1899-12-30"]
[Round "2.3"]
[White "Bulmaga, Irina"]
[Black "Javakhishvili, Lela"]
[Result "0-1"]
[WhiteTitle "IM"]
[BlackTitle "IM"]
[WhiteElo "2420"]
[BlackElo "2438"]

1. e4 d6 2. d4 Nf6 3. Nc3 g6 4. Be3 c6 5. f3 Nbd7 6. Qd2 b5 7. g4 Bg7 8. O-O-O
Nb6 9. Bh6 Bxh6 10. Qxh6 b4 11. Nce2 a5 12. Nf4 a4 13. g5 Nfd7 14. Qg7 Rf8 15.
Qxh7 e5 16. Ne6 fxe6 17. Qxg6+ Rf7 18. Qxe6+ Qe7 19. Qxe7+ Kxe7 20. h4 Nf8 21.
h5 Be6 22. g6 Rf6 23. dxe5 dxe5 24. a3 bxa3 25. bxa3 Rb8 26. Rh4 c5 27. f4 Rxf4
28. Rxf4 exf4 29. Be2 Nc4 30. Rd3 Ne5 31. Rc3 Nfd7 32. Nf3 Kf6 33. Nxe5 Nxe5 34.
Rxc5 f3 35. Bxf3 Nxf3 36. Ra5 Bd7 37. Ra6+ Kg7 38. Ra7 Ne5 39. Ra5 Kf6 40. g7
Nf7 41. Ra7 Ne5 42. h6 Kf7 43. Kd2 Kg8 44. Ke3 Bb5 45. Kf4 Nf7 46. c4 Bxc4 47.
Rxa4 Rc8 48. Ra7 Nxh6 49. e5 Rc6 50. Re7 Bf7 51. a4 Rc4+ 52. Kf3 Bd5+ 53. Ke2
Rxa4 54. Rd7 Bf7 55. Kd3 Nf5 56. Rc7 Nxg7 57. Rd7 Ne6 58. Kc3 Kg7 59. Rd2 Kg6
60. Rf2 Nf4 61. Rb2 Kf5 62. Rb5 Be6 63. Kc2 Nd5 64. Kb3 Rh4 65. Kb2 Kxe5 66. Ka1
Bf5 67. Kb2 Kd4 68. Ra5 Bd3 69. Ra1 Rh2+ 70. Ka3 Nc3 71. Kb4 Rb2+ 72. Ka3 Rb8
73. Rg1 Kc4 74. Rg4+ Be4 0-1

[Event "VII Arcymistrzowski Turniej Kolowy Kobiet im. Krystyny Holuj-Radzikowskiej"]
[Site "Wroclaw"]
[Date "1899-12-30"]
[Round "2.4"]
[White "Szczepkowska, Karina"]
[Black "Socko, Monika"]
[Result "1/2-1/2"]
[WhiteTitle "IM"]
[BlackTitle "GM"]
[WhiteElo "2406"]
[BlackElo "2476"]

1. d4 Nf6 2. c4 e6 3. Nf3 Bb4+ 4. Nbd2 a5 5. a3 Be7 6. e4 d5 7. Bd3 c5 8. e5 Nfd7
9. cxd5 exd5 10. O-O Nc6 11. Re1 O-O 12. Qc2 h6 13. Bf5 cxd4 14. Nb3 Qb6 15. e6
Nf6 16. exf7+ Rxf7 17. Nbxd4 Nxd4 18. Nxd4 Bxf5 19. Nxf5 Bc5 20. Be3 d4 21. b4
axb4 22. axb4 Rxa1 23. Rxa1 Qxb4 24. Rb1 Qa5 25. Bxd4 Bxd4 26. Nxd4 Qd5 27. Nf3
b5 28. h3 Qc4 29. Qf5 Rb7 30. Ra1 Re7 31. Rb1 Rb7 32. Ra1 Re7 33. Rb1 1/2-1/2

[Event "VII Arcymistrzowski Turniej Kolowy Kobiet im. Krystyny Holuj-Radzikowskiej"]
[Site "Wroclaw"]
[Date "1899-12-30"]
[Round "2.5"]
[White "Zawadzka, Jolanta"]
[Black "Kulon, Klaudia"]
[Result "1-0"]
[WhiteTitle "WGM"]
[BlackTitle "WGM"]
[WhiteElo "2428"]
[BlackElo "2352"]

1. e4 e5 2. Nf3 Nc6 3. Bc4 Nf6 4. d4 exd4 5. e5 d5 6. Bb5 Ne4 7. Nxd4 Bd7 8. Bxc6
bxc6 9. O-O Bc5 10. f3 Ng5 11. f4 Ne4 12. Be3 Bb6 13. Nd2 Nxd2 14. Qxd2 c5 15.
Nf3 Bc6 16. c3 Qe7 17. a4 a5 18. f5 O-O-O 19. Qf2 h6 20. Rfc1 Bb7 21. b4 d4 22.
cxd4 cxb4 23. Nd2 Bd5 24. Nc4 Kb7 25. Qe2 Qh4 26. Rc2 Qe4 27. Rac1 Rc8 28. Rf1
Bc6 29. Nxa5+ Bxa5 30. Rf4 Qd5 31. Rc5 Qd7 32. d5 Bxd5 33. Rxa5 c5 34. Bxc5 Ra8
35. Rxb4+ Kc8 36. Bd6 Qxf5 37. Rxd5 1-0

[Event "VII Arcymistrzowski Turniej Kolowy Kobiet im. Krystyny Holuj-Radzikowskiej"]
[Site "Wroclaw"]
[Date "1899-12-30"]
[Round "3.1"]
[White "Kulon, Klaudia"]
[Black "Mkrtchian, Lilit"]
[Result "1/2-1/2"]
[WhiteTitle "WGM"]
[BlackTitle "IM"]
[WhiteElo "2352"]
[BlackElo "2390"]

1. e4 e6 2. d4 d5 3. e5 c5 4. c3 Nc6 5. Nf3 Qb6 6. a3 Nh6 7. b4 cxd4 8. cxd4 Nf5
9. Bb2 Bd7 10. g4 Nfe7 11. Nc3 Na5 12. Qc2 Nc4 13. Bxc4 dxc4 14. Nd2 Qc6 15. Nce4
Nc8 16. Qxc4 Nb6 17. Qb3 Na4 18. f3 Qd5 19. Rb1 Nxb2 20. Qxb2 Rd8 21. Rc1 Bb5
22. Qc3 Be7 23. Kf2 Qxd4+ 24. Qxd4 Rxd4 25. Rc8+ Rd8 26. Rxd8+ Kxd8 27. Rc1 Bc6
28. Ke3 f6 29. exf6 gxf6 30. Nc5 Bd5 31. Nd3 h5 32. h3 hxg4 33. hxg4 f5 34. gxf5
exf5 35. Kd4 Bc6 36. Ke5 Rh2 37. Nb3 Bxf3 38. Nd4 Be4 39. Nf4 Kd7 40. Nxf5 Bxf5
41. Rd1+ Kc6 42. Kxf5 Ra2 43. Ke6 Bf8 44. Rd8 Bh6 45. Rc8+ Kb5 46. Nd5 Rxa3 47.
Rc5+ Ka4 48. Rc7 Be3 1/2-1/2

[Event "VII Arcymistrzowski Turniej Kolowy Kobiet im. Krystyny Holuj-Radzikowskiej"]
[Site "Wroclaw"]
[Date "1899-12-30"]
[Round "3.2"]
[White "Socko, Monika"]
[Black "Zawadzka, Jolanta"]
[Result "1/2-1/2"]
[WhiteTitle "GM"]
[BlackTitle "WGM"]
[WhiteElo "2476"]
[BlackElo "2428"]

1. d4 d5 2. c4 e6 3. Nf3 Nf6 4. Nc3 a6 5. cxd5 exd5 6. Bf4 Bd6 7. Bg3 Bf5 8. e3
O-O 9. Nh4 Bg4 10. Be2 Bxe2 11. Qxe2 Re8 12. Nf5 Bf8 13. Bh4 g6 14. Ng3 Bg7 15.
O-O Qd6 16. Bxf6 Bxf6 17. Qf3 c6 18. Rad1 Nd7 19. e4 dxe4 20. Ngxe4 Qe7 21. Rfe1
Bg7 22. Re2 Nf6 23. Nc5 Qc7 24. h3 Rxe2 25. Qxe2 Re8 26. Qc4 a5 27. Nb3 Re7 28.
Qc5 b6 29. Qc4 Ne8 30. Qa6 Nd6 31. Rc1 Qb8 32. Na4 Nf5 33. Qxb6 Qxb6 34. Nxb6
Nxd4 35. Kf1 Nxb3 36. axb3 Bxb2 37. Rxc6 Rb7 38. Nc4 Rxb3 1/2-1/2

[Event "VII Arcymistrzowski Turniej Kolowy Kobiet im. Krystyny Holuj-Radzikowskiej"]
[Site "Wroclaw"]
[Date "1899-12-30"]
[Round "3.3"]
[White "Javakhishvili, Lela"]
[Black "Szczepkowska, Karina"]
[Result "1-0"]
[WhiteTitle "IM"]
[BlackTitle "IM"]
[WhiteElo "2438"]
[BlackElo "2406"]

1. d4 Nf6 2. c4 e6 3. Nf3 Bb4+ 4. Bd2 Qe7 5. g3 Bxd2+ 6. Qxd2 Nc6 7. b3 d5 8. Bg2
dxc4 9. bxc4 O-O 10. O-O e5 11. d5 Nb8 12. Nc3 Nbd7 13. Qe3 Re8 14. Nb5 Nb6 15.
Nd2 Ng4 16. Qa3 Nf6 17. e4 Qxa3 18. Nxa3 Na4 19. Nb3 b6 20. Nb5 Re7 21. f4 Ne8
22. Rfc1 Ba6 23. fxe5 Rxe5 24. N5d4 Nd6 25. Nc6 Ree8 26. e5 Nf5 27. Bh3 Bc8 28.
Re1 Bd7 29. Rf1 Bxc6 30. Bxf5 g6 31. Bh3 Bb7 32. Bd7 Nb2 33. Bxe8 Rxe8 34. Nd2
Ba6 35. d6 cxd6 36. exd6 Rd8 37. Rf6 Nxc4 38. Nxc4 Bxc4 39. Rf4 b5 40. Rd4 Kg7
41. a3 Kf6 42. Re1 Be6 43. Kf2 a5 44. Rb1 b4 45. axb4 axb4 46. Rbxb4 Ke5 47. g4
g5 48. Kg3 Bd5 49. Rd2 Rxd6 50. Rb5 h6 51. Ra5 Ke6 52. h4 Ke5 53. Re2+ Kf6 54.
Rf2+ Ke6 55. Rh2 Ke5 56. Rd2 Ke6 57. Rc5 Ke5 58. h5 Ke4 59. Rc1 Ke5 60. Re1+ Kf6
61. Rf2+ Kg7 62. Rd1 1-0

[Event "VII Arcymistrzowski Turniej Kolowy Kobiet im. Krystyny Holuj-Radzikowskiej"]
[Site "Wroclaw"]
[Date "1899-12-30"]
[Round "3.4"]
[White "Atalik, Ekaterina"]
[Black "Bulmaga, Irina"]
[Result "1/2-1/2"]
[WhiteTitle "IM"]
[BlackTitle "IM"]
[WhiteElo "2463"]
[BlackElo "2420"]

1. d4 Nf6 2. c4 e6 3. Nf3 b6 4. g3 Bb4+ 5. Bd2 Be7 6. Bg2 c6 7. O-O d5 8. Qc2 O-O
9. Rd1 Nbd7 10. Bf4 Ba6 11. Ne5 Rc8 12. cxd5 Nxd5 13. Nc3 Nxe5 14. Bxe5 f6 15.
Bf4 Nxf4 16. gxf4 f5 17. Qa4 Bb7 18. Qxa7 Qc7 19. Nb5 Qd7 20. Nc3 Qc7 21. Nb5
Qd7 22. Nc3 Qc7 1/2-1/2

[Event "VII Arcymistrzowski Turniej Kolowy Kobiet im. Krystyny Holuj-Radzikowskiej"]
[Site "Wroclaw"]
[Date "1899-12-30"]
[Round "3.5"]
[White "Majdan, Joanna"]
[Black "Shvayger, Yuliya"]
[Result "1-0"]
[WhiteTitle "WGM"]
[BlackTitle "IM"]
[WhiteElo "2349"]
[BlackElo "2440"]

1. e4 c5 2. Nc3 Nc6 3. Bb5 Nd4 4. Nf3 e6 5. O-O a6 6. Bd3 Ne7 7. Nxd4 cxd4 8. Ne2
Nc6 9. c3 Bc5 10. b4 Ba7 11. cxd4 Nxd4 12. Bb2 Nxe2+ 13. Qxe2 O-O 14. Qh5 d6 15.
Kh1 e5 16. f4 g6 17. Qh6 f6 18. Bc4+ Kh8 19. fxe5 dxe5 20. Bxe5 Be6 21. Qxf8+
Qxf8 22. Rxf6 Qg7 23. Bxe6 1-0

[Event "VII Arcymistrzowski Turniej Kolowy Kobiet im. Krystyny Holuj-Radzikowskiej"]
[Site "Wroclaw"]
[Date "1899-12-30"]
[Round "4.1"]
[White "Mkrtchian, Lilit"]
[Black "Shvayger, Yuliya"]
[Result "1-0"]
[WhiteTitle "IM"]
[BlackTitle "IM"]
[WhiteElo "2390"]
[BlackElo "2440"]

1. Nf3 Nf6 2. g3 g6 3. Bg2 Bg7 4. O-O O-O 5. d4 d6 6. b3 Nbd7 7. Bb2 e5 8. dxe5
Ng4 9. c4 Ndxe5 10. Nc3 Nxf3+ 11. Bxf3 h5 12. h3 Ne5 13. Bg2 f5 14. f4 Nc6 15.
h4 Be6 16. Qd2 Qd7 17. Nd5 Rab8 18. Rac1 b6 19. Rfd1 a5 20. Bc3 Nd8 21. Qb2 Bxc3
22. Qxc3 Qf7 23. a3 c5 24. b4 axb4 25. axb4 Nc6 26. b5 Ne7 27. Ne3 Rbd8 28. Rd2
Nc8 29. Ra1 Kh7 30. Nd5 Bxd5 31. Bxd5 Qg7 32. Qxg7+ Kxg7 33. Ra6 Rfe8 34. Bb7
d5 35. Bxc8 dxc4 36. Rxd8 Rxd8 37. Be6 c3 38. Ra2 Rd1+ 39. Kf2 Rc1 40. Ke3 Rg1
41. Bd5 Rxg3+ 42. Bf3 Rh3 43. Kf2 Rxh4 44. Kg3 g5 45. e3 1-0

[Event "VII Arcymistrzowski Turniej Kolowy Kobiet im. Krystyny Holuj-Radzikowskiej"]
[Site "Wroclaw"]
[Date "1899-12-30"]
[Round "4.2"]
[White "Bulmaga, Irina"]
[Black "Majdan, Joanna"]
[Result "1/2-1/2"]
[WhiteTitle "IM"]
[BlackTitle "WGM"]
[WhiteElo "2420"]
[BlackElo "2349"]

1. e4 c5 2. Nf3 Nc6 3. d4 cxd4 4. Nxd4 e5 5. Nb5 d6 6. c4 Be7 7. N1c3 a6 8. Na3
Be6 9. Bd3 Nf6 10. O-O O-O 11. Nc2 Rc8 12. Nd5 Nd7 13. b4 Bg5 14. a3 Bxc1 15.
Rxc1 Ne7 16. Nce3 Nc6 17. Nc2 Ne7 18. Qd2 g6 19. Rfe1 Kh8 20. Bf1 f5 21. exf5
Bxd5 22. cxd5 gxf5 23. g3 Nb6 24. Bg2 f4 25. Qd3 Qd7 26. Na1 Qg4 27. Rxc8 Rxc8
28. Nb3 Rf8 29. Nd2 Qg8 30. Ne4 Qg6 1/2-1/2

[Event "VII Arcymistrzowski Turniej Kolowy Kobiet im. Krystyny Holuj-Radzikowskiej"]
[Site "Wroclaw"]
[Date "1899-12-30"]
[Round "4.3"]
[White "Szczepkowska, Karina"]
[Black "Atalik, Ekaterina"]
[Result "1/2-1/2"]
[WhiteTitle "IM"]
[BlackTitle "IM"]
[WhiteElo "2406"]
[BlackElo "2463"]

1. d4 d5 2. c4 e6 3. Nc3 Nf6 4. cxd5 exd5 5. Bg5 c6 6. e3 Nbd7 7. Bd3 Be7 8. Qc2
h6 9. Bh4 Nh5 10. Bxe7 Qxe7 11. Nge2 Nb6 12. h3 Nf6 13. O-O-O Be6 14. Kb1 O-O-O
15. Nc1 Rhe8 16. f3 Kb8 17. Nb3 Nc8 18. Rhe1 b6 19. Rc1 Nd6 20. e4 dxe4 21. fxe4
Bxb3 22. Qxb3 Nb7 23. e5 Nd5 24. Be4 Nxc3+ 25. Qxc3 c5 26. dxc5 Nxc5 27. Bf3 Rd3
28. Qc4 Red8 29. Qb4 R3d4 30. Qb5 Qc7 31. Rc2 a6 32. Qe2 Ka7 33. Qe3 Qd7 34. Rec1
Qe6 35. Bg4 f5 36. Bf3 f4 37. Qe2 Re8 38. a3 Re7 39. Bg4 Qg6 40. Bh5 Qf5 41. Bg4
Qg6 42. Bh5 Qe4 43. Qxe4 Rxe4 1/2-1/2

[Event "VII Arcymistrzowski Turniej Kolowy Kobiet im. Krystyny Holuj-Radzikowskiej"]
[Site "Wroclaw"]
[Date "1899-12-30"]
[Round "4.4"]
[White "Zawadzka, Jolanta"]
[Black "Javakhishvili, Lela"]
[Result "1/2-1/2"]
[WhiteTitle "WGM"]
[BlackTitle "IM"]
[WhiteElo "2428"]
[BlackElo "2438"]

1. e4 e5 2. Nf3 Nc6 3. Bb5 a6 4. Ba4 d6 5. O-O Bd7 6. d4 Nxd4 7. Bxd7+ Qxd7 8.
Nxd4 exd4 9. Qxd4 Nf6 10. c4 Be7 11. Nc3 O-O 12. f3 Rfe8 13. Be3 c6 14. Rad1 Rad8
15. Qd2 Qc7 16. Qf2 Nd7 17. Rd2 b5 18. cxb5 axb5 19. Rc1 Qb7 20. Ne2 Ne5 21. b3
Bf8 22. Rcd1 Ra8 23. Bd4 Ra6 24. Ng3 c5 25. Ba1 c4 26. Nh5 Rc8 27. bxc4 bxc4 28.
Bd4 Nd3 29. Nf6+ Kh8 30. Qh4 h6 31. Ng4 Kh7 32. Nxh6 g5 33. Qxg5 Bxh6 34. Qf5+
Kg8 35. Qf6 Kh7 36. Qf5+ Kg8 37. Qf6 Kh7 38. Qf5+ 1/2-1/2

[Event "VII Arcymistrzowski Turniej Kolowy Kobiet im. Krystyny Holuj-Radzikowskiej"]
[Site "Wroclaw"]
[Date "1899-12-30"]
[Round "4.5"]
[White "Kulon, Klaudia"]
[Black "Socko, Monika"]
[Result "0-1"]
[WhiteTitle "WGM"]
[BlackTitle "GM"]
[WhiteElo "2352"]
[BlackElo "2476"]

1. e4 e6 2. d4 d5 3. e5 c5 4. c3 Qb6 5. Nf3 Nc6 6. a3 c4 7. Nbd2 Na5 8. g3 Bd7
9. h4 Ne7 10. Bh3 h6 11. O-O O-O-O 12. Re1 Kb8 13. Rb1 Nc8 14. Nf1 Be7 15. Ne3
Qc7 16. h5 Nb3 17. Nd2 Nxc1 18. Qxc1 Nb6 19. Kh1 g6 20. hxg6 fxg6 21. f4 g5 22.
fxg5 Bxg5 23. Nf3 Be8 24. Qc2 Qf7 25. Kg2 Qg8 26. Ng4 Bg6 27. Qd1 Rf8 28. a4 Be4
29. Rxe4 dxe4 30. Nxg5 Qxg5 31. Qe1 Nd5 32. Qxe4 Rhg8 33. Rf1 Qd2+ 34. Kh1 Rxf1+
35. Bxf1 Qc1 36. Qf3 Rc8 37. Kh2 Qxb2+ 38. Bg2 Qxc3 39. Qf7 Qxd4 40. Nf6 c3 41.
Nd7+ Ka8 42. Qxe6 c2 43. Bxd5 c1=Q 44. a5 Rc2+ 0-1

[Event "VII Arcymistrzowski Turniej Kolowy Kobiet im. Krystyny Holuj-Radzikowskiej"]
[Site "Wroclaw"]
[Date "1899-12-30"]
[Round "5.1"]
[White "Socko, Monika"]
[Black "Mkrtchian, Lilit"]
[Result "1-0"]
[WhiteTitle "GM"]
[BlackTitle "IM"]
[WhiteElo "2476"]
[BlackElo "2390"]

1. d4 e6 2. c4 f5 3. Nf3 Nf6 4. e3 d5 5. Bd3 c6 6. O-O Bd6 7. b3 Qe7 8. Nc3 Ne4
9. Ne2 Nd7 10. Bb2 O-O 11. Rc1 Qf6 12. Rc2 a5 13. a4 g5 14. Qa1 Qe7 15. Ne5 Nxe5
16. dxe5 Bb4 17. Bxe4 fxe4 18. Ng3 Qe8 19. Qd1 Be7 20. Nh5 Rf5 21. cxd5 cxd5 22.
Rc7 Bd7 23. Nf6+ Bxf6 24. exf6 Rb8 25. Qd4 Kf7 26. Rfc1 h5 27. Qa7 Rd8 28. Rxb7
d4 29. Qxd4 e5 30. Qxe4 Kxf6 31. h3 h4 32. f4 1-0

[Event "VII Arcymistrzowski Turniej Kolowy Kobiet im. Krystyny Holuj-Radzikowskiej"]
[Site "Wroclaw"]
[Date "1899-12-30"]
[Round "5.2"]
[White "Javakhishvili, Lela"]
[Black "Kulon, Klaudia"]
[Result "1-0"]
[WhiteTitle "IM"]
[BlackTitle "WGM"]
[WhiteElo "2438"]
[BlackElo "2352"]

1. d4 Nf6 2. c4 Nc6 3. Nf3 e6 4. g3 Bb4+ 5. Bd2 Bxd2+ 6. Qxd2 d6 7. Bg2 O-O 8.
Nc3 e5 9. O-O Bg4 10. d5 Ne7 11. b4 a5 12. a3 Nd7 13. Rac1 h6 14. Nb5 b6 15. Ne1
Bf5 16. f4 Bh7 17. Nd3 Bxd3 18. exd3 f5 19. fxe5 Nxe5 20. Nd4 Qd7 21. Ne6 Rfc8
22. d4 Ng4 23. b5 Qe8 24. Rce1 Qf7 25. Qe2 g6 26. Bh3 Nf6 27. g4 Nh7 28. Qd2 h5
29. gxh5 gxh5 30. Kh1 Kh8 31. Ng5 Qg7 32. Nxh7 Qxh7 33. Re6 f4 34. Qxf4 Rf8 35.
Qxf8+ Rxf8 36. Rxf8+ Ng8 37. Bf5 1-0

[Event "VII Arcymistrzowski Turniej Kolowy Kobiet im. Krystyny Holuj-Radzikowskiej"]
[Site "Wroclaw"]
[Date "1899-12-30"]
[Round "5.3"]
[White "Atalik, Ekaterina"]
[Black "Zawadzka, Jolanta"]
[Result "1-0"]
[WhiteTitle "IM"]
[BlackTitle "WGM"]
[WhiteElo "2463"]
[BlackElo "2428"]

1. d4 d5 2. c4 e6 3. Nc3 a6 4. cxd5 exd5 5. Nf3 Nf6 6. Bg5 Be6 7. e3 Nbd7 8. Bd3
Bd6 9. Rc1 h6 10. Bh4 c6 11. Bg3 Qe7 12. Bxd6 Qxd6 13. h3 O-O 14. O-O Rfe8 15.
a3 a5 16. Nd2 Nf8 17. Na4 N6d7 18. Nf3 g6 19. Qc2 Kg7 20. Qc3 f6 21. Rfe1 Bf7
22. Nc5 Nxc5 23. dxc5 Qc7 24. Nd4 Ne6 25. f4 Nxd4 26. Qxd4 Re7 27. Rf1 Rb8 28.
Rf3 b6 29. Rg3 bxc5 30. Rxc5 a4 31. Qxa4 Rxb2 32. Rxc6 Qd7 33. Qa6 g5 34. fxg5
Re6 35. gxh6+ Kxh6 36. Rxe6 Bxe6 37. Bf5 1-0

[Event "VII Arcymistrzowski Turniej Kolowy Kobiet im. Krystyny Holuj-Radzikowskiej"]
[Site "Wroclaw"]
[Date "1899-12-30"]
[Round "5.5"]
[White "Shvayger, Yuliya"]
[Black "Bulmaga, Irina"]
[Result "1-0"]
[WhiteTitle "IM"]
[BlackTitle "IM"]
[WhiteElo "2440"]
[BlackElo "2420"]

1. e4 Nf6 2. Nc3 d5 3. e5 d4 4. exf6 dxc3 5. bxc3 gxf6 6. g3 Qd5 7. Qf3 Qe5+ 8.
Ne2 Nc6 9. Bg2 h5 10. d4 Qb5 11. Qd3 Qxd3 12. cxd3 Bf5 13. Be4 Bg4 14. Rb1 O-O-O
15. h3 Bd7 16. f4 f5 17. Bf3 e6 18. Be3 b6 19. h4 Ne7 20. Kf2 Nd5 21. Bxd5 exd5
22. Ng1 Ba4 23. Ke2 Re8 24. Kd2 f6 25. Nf3 Rg8 26. Bf2 Ba3 27. Ne1 c5 28. Ng2
cxd4 29. cxd4 Rg7 30. Rhe1 Rxe1 31. Bxe1 Rc7 32. Ne3 Kd7 33. Ke2 Ke6 34. Bd2 Kf7
35. Be1 Kg6 36. Bd2 Kf7 37. Be1 Ke6 38. Bd2 Bd7 39. Bb4 Bxb4 40. Rxb4 Rc1 41.
Rb2 Kd6 42. Kf3 b5 43. Rc2 Rb1 44. Rc5 Be6 45. a4 bxa4 46. Ra5 Ra1 47. Ra6+ Ke7
48. Rxa7+ Kf8 49. Nc2 Ra2 50. Nb4 Ra3 51. Ke3 Bf7 52. Nc2 Ra2 53. Kd2 Be8 54.
Kc1 a3 55. Rxa3 Rxa3 56. Nxa3 Ke7 57. Nc2 Kd6 58. Ne3 Bd7 59. Kb2 Kc6 60. Ka3
Be6 61. Ka4 Kb6 62. Kb4 Kc6 63. Ka5 Bd7 64. Nc2 Kd6 65. Nb4 Be8 66. Kb6 Ba4 67.
Na6 Bc2 68. Nc5 Bd1 69. Nb7+ Kd7 70. Kc5 Ba4 71. Nd6 Ke6 72. Nb5 Bc2 73. Nc7+
Kd7 74. Nxd5 Bxd3 75. Nxf6+ Ke6 76. Nd5 Bc2 77. Ne3 Be4 78. d5+ Kd7 79. Kd4 Kd6
80. Nc4+ Ke7 81. Ke5 1-0

[Event "VII Arcymistrzowski Turniej Kolowy Kobiet im. Krystyny Holuj-Radzikowskiej"]
[Site "Wroclaw"]
[Date "1899-12-30"]
[Round "6.1"]
[White "Mkrtchian, Lilit"]
[Black "Bulmaga, Irina"]
[Result "1/2-1/2"]
[WhiteTitle "IM"]
[BlackTitle "IM"]
[WhiteElo "2390"]
[BlackElo "2420"]

1. Nf3 Nf6 2. c4 e6 3. g3 a6 4. Bg2 b5 5. d3 Bb7 6. O-O c5 7. Nc3 bxc4 8. dxc4
Qb6 9. b3 Be7 10. Bb2 O-O 11. Qc2 h6 12. Rad1 d6 13. Ne1 Nbd7 14. Bxb7 Qxb7 15.
Ng2 Rab8 16. Ba1 Ne5 17. Ne3 Nc6 18. Ne4 Nb4 19. Nxf6+ Bxf6 20. Qb1 Bxa1 21. Qxa1
Rfd8 22. Rd2 Nc6 23. Nd1 Nd4 24. Nc3 h5 25. Qd1 g6 26. Rd3 Qc6 27. f3 a5 28. e3
Nf5 29. Rf2 Ng7 30. Rfd2 Ne8 31. a4 Qb6 32. Nb5 d5 33. cxd5 exd5 34. Rxd5 Rxd5
35. Rxd5 c4 36. Rd4 cxb3 37. Qxb3 Nd6 38. Kg2 Nf5 39. Rd3 Rd8 40. Kf2 Rxd3 41.
Qxd3 Qc5 42. Qc3 Qd5 43. Qc2 Qe6 44. Qd2 Qb3 45. Nc3 Nd6 46. Qxd6 Qxc3 47. Qd8+
Kh7 48. Qd1 Qb2+ 49. Kg1 Qb6 50. Kf2 Qb2+ 51. Kg1 Qb6 1/2-1/2

[Event "VII Arcymistrzowski Turniej Kolowy Kobiet im. Krystyny Holuj-Radzikowskiej"]
[Site "Wroclaw"]
[Date "1899-12-30"]
[Round "6.2"]
[White "Szczepkowska, Karina"]
[Black "Shvayger, Yuliya"]
[Result "1-0"]
[WhiteTitle "IM"]
[BlackTitle "IM"]
[WhiteElo "2406"]
[BlackElo "2440"]

1. Nf3 Nf6 2. c4 g6 3. Nc3 Bg7 4. e4 d6 5. d4 O-O 6. Be2 e5 7. O-O Na6 8. Be3 Qe8
9. dxe5 dxe5 10. h3 c6 11. Qd6 Nh5 12. Rfd1 Qe6 13. c5 h6 14. b3 Nf4 15. Bc4 Qxd6
16. cxd6 Rd8 17. Bxa6 bxa6 18. Bxf4 exf4 19. Rac1 f6 20. Rd2 Bd7 21. Na4 Re8 22.
Nc5 Rad8 23. Nxd7 Rxd7 24. Rxc6 a5 25. Rd5 Rxe4 26. Rc7 Rd8 27. d7 f5 28. Rc8
Bf6 29. Rd6 Be7 30. Nd4 Re1+ 31. Kh2 f3 32. Re6 1-0